| 000 | 00696nam a2200229 a 4500 | ||
|---|---|---|---|
| 001 | 000044618 | ||
| 003 | DO-SdBNP | ||
| 005 | 20211104082258.0 | ||
| 007 | ta | ||
| 008 | 141209s2013 dr a 000 p spa d | ||
| 020 | _a9789945475715 | ||
| 040 |
_aDO-SdBNP _bspa _cBNPHU |
||
| 082 | 4 | _222 | |
| 100 | 1 |
_aArredondo, Simeón _d1971- _924312 |
|
| 245 | 1 | 0 |
_aAudiencia con la muerte / _cSimeón Arredondo ; ediciones Amado Santana. |
| 260 |
_aSanto Domingo : _bRumbo Este, _c2013. |
||
| 300 |
_a97 p. : _bil. ; _c23 cm. |
||
| 500 | _aIncluye datos biográficos del autor en la solapa de la cubierta | ||
| 590 | _aInventariado, 2021/BT | ||
| 700 | 1 |
_aSantana, Amado _eed. _97207 |
|
| 942 |
_2ddc _cLBS1 |
||
| 999 |
_c44107 _d44107 |
||